| 000 | 00491nam a22001697a 4500 | ||
|---|---|---|---|
| 999 |
_c525442 _d525442 |
||
| 003 | NUST | ||
| 038 | _aArshad | ||
| 082 |
_a891.491092 _bHAM |
||
| 100 |
_aMulghati, Hameed Ulfat _916313 |
||
| 245 |
_aDahrti Qaid Musahaibiu / _c Hameed Ulfat Mulghati |
||
| 260 |
_aMultan : _bSunjhook Publications, _c1995. |
||
| 300 | _a176 p. ; | ||
| 500 | _aHardcover. | ||
| 880 |
_6100-01\r _aحمید الفت ملغاٹی |
||
| 880 |
_6245-02\r _aدھرتی قائد محابیو / |
||
| 942 |
_2ddc _cBK |
||